[Event "SLO-chT2W"]
[Site "Bled"]
[Date "2003.11.13"]
[Round "5"]
[White "Kastelic, Stefan"]
[Black "Stubljar, Andrej"]
[Result "0-1"]
[WhiteElo "1968"]
[BlackElo "2064"]
[PlyCount "86"]
[EventDate "2003.11.07"]
[EventType "team"]
[EventRounds "8"]
[EventCountry "SLO"]
[SourceTitle "EXT 2005"]
[Source "ChessBase"]
[SourceDate "2004.11.15"]
[SourceVersion "1"]
[SourceVersionDate "2004.11.15"]
[SourceQuality "1"]

1. d4 Nf6 2. Nf3 d6 3. c4 Bf5 4. Nc3 c6 5. e3 Nbd7 6. Be2 e5 7. 0-0 Be7 8. b3 0-0 9. Bb2 Qc7 10. Rc1 Rfe8 11. Nh4 Bg6 12. Nxg6 hxg6 13. b4 a5 14. b5 Rad8 15. a4 e4 16. Qc2 Bf8 17. Rfe1 c5 18. Bf1 Nb6 19. Red1 d5 20. dxc5 Qxc5 21. Nxd5 Nbxd5 22. cxd5 Qxc2 23. Rxc2 Rxd5 24. Bd4 Red8 25. Rc7 b6 26. Rdc1 Nd7 27. R7c6 Bc5 28. Bc4 Rd6 29. Bxc5 Nxc5 30. Rxd6 Rxd6 31. Ra1 Kf8 32. Kf1 Ke7 33. Ke2 f5 34. h4 Kf6 35. f4 exf3+ 36. gxf3 g5 37. hxg5+ Kxg5 38. Ra3 Rh6 39. Kd2 Kf6 40. Be2 g5 41. Kc3 Ke5 42. Ra1 Rh2 43. Kd2 Nb3+ 0-1

[Event "SLO-chT2W"]
[Site "Bled"]
[Date "2003.11.07"]
[Round "1"]
[White "Kastelic, Stefan"]
[Black "Piskur, Mitja"]
[Result "1/2-1/2"]
[WhiteElo "1968"]
[BlackElo "2302"]
[PlyCount "118"]
[EventDate "2003.11.07"]
[EventType "team"]
[EventRounds "8"]
[EventCountry "SLO"]
[SourceTitle "EXT 2005"]
[Source "ChessBase"]
[SourceDate "2004.11.15"]
[SourceVersion "1"]
[SourceVersionDate "2004.11.15"]
[SourceQuality "1"]

1. d4 d6 2. Nf3 Nd7 3. c4 e5 4. Nc3 Ngf6 5. e3 Be7 6. Be2 0-0 7. Qc2 c6 8. b3 Re8 9. a4 a5 10. Ba3 Qc7 11. Rc1 Nf8 12. h3 h6 13. 0-0 N6h7 14. Rfd1 Ng5 15. Nxg5 hxg5 16. b4 axb4 17. Bxb4 f5 18. d5 c5 19. Nb5 Qd8 20. Bc3 Nh7 21. Bh5 Rf8 22. Bg6 Rf6 23. Bxh7+ Kxh7 24. f4 exf4 25. Bxf6 Bxf6 26. exf4 gxf4 27. Re1 Be5 28. Rf1 Bd7 29. Rf3 Qf6 30. Rb1 Be8 31. Nc7 Bxa4 32. Qa2 Ra7 33. Ra3 b5 34. Nxb5 Bxb5 35. cxb5 Re7 36. b6 Bd4+ 37. Kh1 Qh4 38. Qd2 Be3 39. Qe1 Bf2 40. Qxe7 Qxe7 41. b7 Be3 42. b8Q f3 43. Rxe3 Qxe3 44. Qb3 fxg2+ 45. Kxg2 Qe4+ 46. Kf2 c4 47. Qd1 Qf4+ 48. Kg2 Qe4+ 49. Kf2 Qh4+ 50. Kf1 Qf4+ 51. Ke2 Qe4+ 52. Kd2 Qd3+ 53. Kc1 Qc3+ 54. Qc2 Qe1+ 55. Kb2 Qb4+ 56. Ka1 Qa3+ 57. Qa2 Qc3+ 58. Rb2 Qe1+ 59. Qb1 Qa5+ 1/2-1/2